[Event "7th Llucmajor Open 2018"]
[Site "S'Arenal de Llucmajor"]
[Date "2018.05.15"]
[Round "4"]
[White "Flermoen, Peter"]
[Black "Ballesteros Gonzalez, David"]
[Result "1-0"]
[WhiteElo "2295"]
[BlackElo "2139"]
[Annotator "TA"]
[PlyCount "57"]
[EventDate "2018.??.??"]
[EventType "swiss"]
[EventCountry "ESP"]
[SourceTitle "playchess.com"]
[Source "ChessBase"]
[SourceQuality "1"]

{[%evp 18,57,41,17,10,14,14,12,10,-7,-8,-21,13,12,11,25,45,10,58,53,121,113,705,704,838,836,1462,1462,1458,1447,1304,801,767,747,1364,1320,1320,1227,1207,1207,1192,1098]} 1. e4 Nf6 2. e5 Nd5 3. d4 d6 4. Nf3 Bg4 5. Be2 e6 6. c4 Nb6 7. exd6 cxd6 8. O-O Be7 9. b3 O-O 10. Bb2 {LiveBook: 9 Games. B05: Alekhine's Defence: 4 Nf3 Bg4} Bf6 (10... d5 11. c5 N6d7 12. b4 a6 13. Nbd2 Nc6 14. a3 Bf6 15. Rc1 Qc7 16. Re1 Rae8 17. Qb3 Qf4 {1-0 (93) Swiercz,D (2631)-Zoler,D (2504) Yerevan 2014}) 11. Nc3 d5 12. h3 {The position is equal.} Bh5 13. cxd5 $146 ({Predecessor:} 13. Ba3 Re8 14. Nb5 Nc8 15. Ne5 Bxe2 16. Qxe2 {1-0 (62) Volcik,L (1992)-Klenner,R (2030) Czechia 2011}) 13... Nxd5 14. Nxd5 exd5 15. Ne5 Bxe2 16. Qxe2 a6 17. Qg4 g6 18. Rac1 h5 ({Black should try} 18... Qd6 $14) 19. Qf3 $36 {[%mdl 2048] Black is under strong pressure.} Qd6 $2 {[%mdl 8192] [#]} (19... Bxe5 $16 20. dxe5 Nc6) 20. Ba3 $1 $18 {[%cal Ra3d6][%mdl 512] White is clearly winning.} Qxa3 21. Qxf6 {Intending Rc8! and mate.} Nc6 {[#]} 22. Nxg6 $1 {[%mdl 512]} fxg6 23. Qxg6+ Kh8 24. Qxh5+ Kg7 25. Rc3 {[%cal Bc1c3,Bc3g3,Bg3g6][%mdl 32] Rg3+ would kill now.} Qb4 26. Rg3+ Kf6 27. Rg6+ Ke7 28. Rg7+ Ke6 29. Qg4+ {Precision: White = 59%, Black = 33%.} 1-0

[Event "7th Llucmajor Open 2018"]
[Site "S'Arenal de Llucmajor"]
[Date "2018.05.15"]
[Round "4"]
[White "Gorny, Michael"]
[Black "Mikalsen, Erlend"]
[Result "0-1"]
[WhiteElo "2080"]
[BlackElo "2307"]
[Annotator "ChessBase"]
[PlyCount "52"]
[EventDate "2018.??.??"]
[EventType "swiss"]
[EventCountry "ESP"]
[SourceTitle "playchess.com"]
[Source "ChessBase"]
[SourceQuality "1"]
[TimeControl "5400+30"]

1. d4 {[%emt 0:00:00]} Nf6 {[%emt 0:00:06]} 2. Nf3 {[%emt 0:00:00]} b6 {[%emt 0:00:23]} 3. Bf4 {[%emt 0:01:53]} Bb7 {[%emt 0:00:05]} 4. e3 {[%emt 0:01:01]} Nh5 {[%emt 0:00:07]} 5. Bg5 {[%emt 0:02:14]} h6 {[%emt 0:00:07]} 6. Bh4 {[%emt 0:00:28]} g5 {[%emt 0:00:08]} 7. Ne5 {[%emt 0:05:55]} Nf6 {[%emt 0:01:56]} 8. Bg3 {[%emt 0:00:38]} d6 {[%emt 0:01:23]} 9. Nf3 {[%emt 0:03:02]} Ne4 {[%emt 0:08:26]} 10. Nc3 {[%emt 0:01:23]} Nxg3 {[%emt 0:01:54]} 11. hxg3 {[%emt 0:00:07]} Bg7 {[%emt 0:00:14]} 12. e4 {[%emt 0:04:10]} e6 {[%emt 0:03:30]} 13. Qd2 {[%emt 0:02:53]} g4 {[%emt 0:08:10]} 14. Ng1 {[%emt 0:07:31]} h5 {[%emt 0:07:47]} 15. f4 {[%emt 0:04:27]} h4 {[%emt 0:05:03]} 16. O-O-O {[%emt 0:04:41]} hxg3 {[%emt 0:01:40]} 17. Rxh8+ {[%emt 0:00:26]} Bxh8 {[%emt 0:00:04]} 18. d5 {[%emt 0:01:33]} Nd7 {[%emt 0:00:59]} 19. Bb5 {[%emt 0:01:26]} Qh4 {[%emt 0:05:55]} 20. Nge2 {[%emt 0:07:43]} O-O-O {[%emt 0:00:34]} 21. Nd4 {[%emt 0:04:52]} Bxd4 {[%emt 0:06:01]} 22. Qxd4 {[%emt 0:00:06]} Kb8 {[%emt 0:02:06]} 23. Qa4 {[%emt 0:07:08]} Nc5 {[%emt 0:00:28]} 24. Qa3 {[%emt 0:02:47]} Qh6 {[%emt 0:02:16]} 25. Rf1 {[%emt 0:06:01]} f5 {[%emt 0:03:38]} 26. exf5 {[%emt 0:05:44]} exd5 {[%emt 0:00:18]} 0-1

[Event "7th Llucmajor Open 2018"]
[Site "S'Arenal de Llucmajor"]
[Date "2018.05.17"]
[Round "5"]
[White "Fedorchuk, Sergey A"]
[Black "Sumets, Andrey"]
[Result "1/2-1/2"]
[WhiteElo "2637"]
[BlackElo "2577"]
[Annotator "TA"]
[PlyCount "23"]
[EventDate "2018.??.??"]
[EventType "swiss"]
[EventCountry "ESP"]
[SourceTitle "playchess.com"]
[Source "ChessBase"]
[SourceQuality "1"]

{[%evp 21,23,0,0,-253]} 1. e4 e6 2. d4 d5 3. Nc3 Nf6 4. e5 Nfd7 5. f4 c5 6. Nf3 Nc6 7. Be3 Qb6 8. Na4 Qa5+ 9. Nc3 $146 ({Predecessor:} 9. c3 c4 10. b4 Qc7 11. Be2 Be7 12. O-O O-O 13. Qd2 f5 14. exf6 Nxf6 15. Qc2 b6 16. Ne5 Bb7 17. Nb2 b5 18. a4 a6 19. Bf3 Bd6 20. Rae1 {1-0 (144) Robson,R (2660)-Akobian,V (2647) Saint Louis 2018}) 9... Qb6 10. Na4 Qa5+ 11. Nc3 Qb6 {LiveBook: 600 Games} 12. Nb1 $2 {[%mdl 40960] An unexpected result. C11: French: Classical System: 4 e5 and 4 Bg5 dxe4} (12. Be2 $11 {and White is okay.}) 1/2-1/2

[Event "7th Llucmajor Open 2018"]
[Site "S'Arenal de Llucmajor"]
[Date "2018.05.17"]
[Round "5"]
[White "Arizmendi Martinez, Julen Luis"]
[Black "Stany, G A"]
[Result "1/2-1/2"]
[WhiteElo "2506"]
[BlackElo "2489"]
[Annotator "TA"]
[PlyCount "170"]
[EventDate "2018.??.??"]
[EventType "swiss"]
[EventCountry "ESP"]
[SourceTitle "playchess.com"]
[Source "ChessBase"]
[SourceQuality "1"]

{[%evp 16,170,30,27,25,19,16,27,81,68,84,45,114,106,101,75,75,86,102,102,133,141,152,93,96,94,114,73,81,78,66,63,76,78,81,58,90,54,53,54,53,46,50,49,57,42,64,64,64,70,62,67,64,59,60,59,77,87,81,73,74,34,36,36,36,35,39,39,45,49,51,50,46,45,77,78,77,0,0,0,23,23,23,23,23,23,35,35,58,58,58,8,14,8,8,0,16,8,8,8,23,23,558,977,943,756,924,917,752,756,736,574,420,137,137,137,137,137,138,137,137,137,137,137,137,137,137,137,137,137,137,137,137,137,137,137,137,137,137,137,137,137,137,137,137,137,137,137,137,137,137,134,137,108,66,83,136]} 1. e4 e5 2. Nf3 Nc6 3. Bc4 Bc5 4. O-O Nf6 5. d3 O-O 6. Bg5 h6 7. Bh4 Be7 {C50: Hungarian Defence and Giuoco Pianissimo} 8. Bg3 d6 9. a4 {[%cal Ba2a4,Ba4a5,Ba5a6][%mdl 32] LiveBook: 5 Games} Bg4 {White has an edge.} (9... g6 10. h3 Nh5 11. Bh2 Bg5 12. Nc3 Bf4 13. a5 a6 14. Nd5 Bxh2+ 15. Kxh2 {½-½ (31) Najer,E (2683)-Hovhannisyan,R (2601) Batumi 2018}) 10. h3 Bh5 11. c3 d5 $146 (11... a5 $11 {remains equal.}) ({Predecessor:} 11... Nh7 12. Bh2 Ng5 13. Nbd2 Kh8 14. Bd5 Qd7 15. Nxe5 Nxh3+ {1-0 (27) Kanmazalp,O (2477)-Steindl,J (2236) Graz 2018}) 12. exd5 $16 Nxd5 13. a5 Nf6 (13... Bg5 $14) 14. Nbd2 Rb8 15. Qc2 Bd6 16. Rfe1 {[%cal Rg3e5]} Nd7 17. Bb5 Bg6 18. a6 Ne7 {[#]} 19. Bxd7 (19. Nxe5 $6 Nxe5 20. Bxe5 Bxe5 $14) (19. axb7 $142 $1 Rxb7 20. Bc4) 19... Qxd7 20. Bxe5 bxa6 21. Nc4 Bc5 22. Bd4 (22. b4 {seems wilder.} Bb6 23. Qb3 Qd5 24. Qb2 Qd7 25. Bg3) 22... Bxd4 23. Nxd4 c5 24. Ne5 Qb7 25. Ndf3 Rfd8 26. Qa4 (26. Ra5 {feels hotter.} Rbc8 27. Qe2 f6 28. Nxg6 Nxg6 29. g3) 26... Bxd3 27. Nxd3 Rxd3 28. Qxa6 Qxa6 29. Rxa6 Rd7 30. Ne5 Rc7 31. Nc4 Nd5 32. Rea1 Nb6 33. Ne3 Nc8 34. Rd1 Nb6 35. g4 Rd7 36. Rxd7 Nxd7 37. Rxa7 {[%mdl 4096] Endgame KRN-KRN} Ne5 38. Rc7 Rxb2 39. Rc8+ Kh7 40. Rxc5 Nf3+ 41. Kg2 Ne1+ 42. Kf1 Nd3 43. Rf5 f6 44. Kg2 g6 45. Rxf6 Kg7 46. Rd6 (46. Nd5 $16) 46... Nxf2 $11 {[#] aiming for ...Ne4+.} 47. Rd7+ Kf6 48. Nc4 Rc2 49. Rd2 Rxd2 50. Nxd2 {KN-KN} Nd3 51. Kf3 h5 52. Ke3 Nb2 $1 53. gxh5 gxh5 54. Kf4 {Hoping for Ne4+.} Nd3+ 55. Ke3 Nb2 $1 56. Ke4 {Threatening c4.} Nd1 57. Kd4 Kf5 58. c4 {Threatens to win with Ne4.} Nb2 $2 {[%mdl 8192]} (58... Nf2 $11 {and Black has nothing to worry.}) 59. c5 $18 Na4 60. c6 Ke6 61. Ne4 Nb6 62. Kc5 Na8 63. Nc3 h4 64. Nd5 $2 (64. Kb5 $18 {is more deadly.}) 64... Ke5 $16 65. Nb6 ({But not} 65. c7 $6 Nxc7 66. Nxc7 Kf4 $11) 65... Nc7 66. Nc4+ Kf4 67. Kd6 Na6 68. Ne5 ({Much weaker is} 68. c7 $6 Nxc7 69. Kxc7 Kg3 $11) 68... Kg3 69. Nd7 ({Don't play} 69. c7 $6 Nxc7 70. Kxc7 Kxh3 $11) 69... Kxh3 70. Nb8 Kg3 71. Nxa6 {White wants to mate with c7. KN-KP} h3 72. c7 h2 73. c8=Q {Intending Qc6 and mate.} h1=Q 74. Qg8+ Kf2 75. Nc5 Qd1+ 76. Kc7 Qd4 77. Qf7+ Kg3 78. Kc6 Qf4 79. Qe6 Qf3+ 80. Kb5 Qf1+ 81. Kb4 Qf3 82. Qe1+ Kg4 83. Kc4 Qf7+ 84. Kd4 Qf6+ 85. Kd3 $1 Qf3+ {Precision: White = 66%, Black = 67%.} (85... Qf5+ $142 86. Kc4 Qf4+ 87. Ne4 Qf7+ 88. Kc3 Qg7+ 89. Kc2 Qc7+ 90. Kd3 Qd7+ 91. Ke3 Qa7+ 92. Ke2 Qd4) 1/2-1/2

[Event "7th Llucmajor Open 2018"]
[Site "S'Arenal de Llucmajor"]
[Date "2018.05.17"]
[Round "5"]
[White "Abdumalik, Zhansaya"]
[Black "Batsiashvili, Nino"]
[Result "1-0"]
[WhiteElo "2484"]
[BlackElo "2504"]
[Annotator "TA"]
[PlyCount "45"]
[EventDate "2018.??.??"]
[EventType "swiss"]
[EventCountry "ESP"]
[SourceTitle "playchess.com"]
[Source "ChessBase"]
[SourceQuality "1"]

{[%evp 16,45,33,23,66,66,79,76,79,84,70,64,66,68,181,186,219,187,781,764,937,930,1213,1219,1195,1170,1293,1256,1247,1247,1100,854]} 1. e4 e5 2. Nf3 Nc6 3. Bb5 a6 4. Ba4 d6 5. O-O Bd7 6. d4 b5 7. Bb3 Nxd4 8. Nxd4 exd4 9. c3 {LiveBook: 46 Games} (9. Qxd4 $2 c5 $17) 9... g6 $146 {C72: Ruy Lopez: Deferred Steinitz: 5 0-0} ({Predecessor:} 9... dxc3 10. Qh5 g6 11. Qd5 Be6 12. Qc6+ Bd7 13. Qxc3 Nf6 14. e5 dxe5 15. Qxe5+ Qe7 16. Qxc7 Bg7 17. Nc3 b4 18. Bg5 {½-½ (48) Kokarev,D (2616)-Vavulin,M (2575) Moscow 2018}) 10. Qxd4 Nf6 11. e5 c5 {White is better.} 12. Qf4 $40 {[%mdl 128] White attacks with force.} dxe5 13. Qxe5+ Qe7 14. Re1 h6 {[#]} (14... Qxe5 $14 15. Rxe5+ Be6) 15. Bf4 $1 $18 {Strongly threatening Nd2.} c4 16. Nd2 {[%cal Bb1d2,Bd2c4,Bc4d6][%mdl 32]} Be6 $2 {[#]} (16... Qxe5 17. Bxe5 Ke7) 17. Nxc4 $1 {[%mdl 512] White is clearly winning.} Nh5 (17... bxc4 18. Ba4+) 18. Qe4 Rd8 {[#]} 19. Nd6+ $1 {[%mdl 512]} Rxd6 20. Bxd6 Qxd6 21. Rad1 Qb6 22. Bxe6 fxe6 23. Qxg6+ 1-0

[Event "7th Llucmajor Open 2018"]
[Site "S'Arenal de Llucmajor"]
[Date "2018.05.16"]
[Round "5"]
[White "Khotenashvili, Bela"]
[Black "Postny, Evgeny"]
[Result "1/2-1/2"]
[WhiteElo "2473"]
[BlackElo "2576"]
[Annotator "TA"]
[PlyCount "100"]
[EventDate "2018.??.??"]
[EventType "swiss"]
[EventCountry "ESP"]
[SourceTitle "playchess.com"]
[Source "ChessBase"]
[SourceQuality "1"]

{[%evp 9,100,40,47,48,45,46,63,50,61,58,61,61,66,82,127,107,110,54,59,45,77,58,67,28,72,0,14,12,34,7,4,8,10,8,11,15,23,2,5,14,23,15,24,14,59,0,28,28,28,29,29,31,35,28,29,28,28,28,28,28,28,28,28,9,28,0,21,0,26,12,21,0,28,25,34,34,41,0,34,34,41,0,28,28,29,0,0,0,29,0,0,0,25]} 1. d4 d5 2. Nf3 c6 3. Bf4 Bg4 4. Ne5 (4. Nbd2 Nd7 5. h3 Bh5 6. e3 Ngf6 7. c4 e6 8. Qb3 b5 9. cxb5 c5 10. Ne5 Nxe5 11. Bxe5 Nd7 {1-0 (33) Kamsky,G (2714)-Bacrot,E (2695) Moscow 2007}) 4... Bf5 5. g4 Bc8 $146 ({Predecessor:} 5... Be6 6. e3 Nd7 7. Nd2 Ngf6 8. Nxd7 Nxd7 9. Bd3 g6 10. h4 Qb6 11. h5 Rg8 12. hxg6 hxg6 {0-1 (33) Lobron,E (2595)-Hodgson,J (2590) Amsterdam 1995}) 6. e3 {D02: 1 d4 d5 2 Nf3 sidelines, including 2...Nf6 3 g3 and 2...Nf6 3 Bf4} Nd7 7. Nd3 Ngf6 8. Bg2 {White is slightly better.} g6 9. Nd2 Bg7 10. h4 h5 11. g5 Nh7 12. c3 O-O 13. Qe2 (13. Qc2 $16) 13... Re8 $14 14. Nf3 c5 15. Bg3 b6 16. e4 e6 17. e5 ({Better is} 17. O-O-O $16) 17... Ba6 18. O-O Rc8 19. Rfd1 cxd4 20. cxd4 Nb8 21. Bf4 Nc6 22. Bd2 Nf8 23. Bh3 Nd7 24. Qe3 Ndb8 25. Nf4 Qd7 26. Bc3 Bb5 27. Nh2 (27. a4 $14 Ba6 28. b4) 27... a5 28. Nf1 Bxf1 29. Bxf1 Ne7 30. Bd3 Nbc6 31. Qe2 Na7 32. a4 Rc7 33. Be1 Rec8 34. Qe3 Nac6 35. Ne2 Bf8 36. Rdc1 Na7 37. Rd1 Qe8 38. Qf3 Nac6 39. Ba6 Rb8 40. Bd3 Qc8 41. Bc3 Qd7 42. Ng3 Nd8 43. Ne2 Rcc8 44. Rdc1 Ndc6 45. Rd1 Rc7 46. Nf4 Rbc8 47. Ba6 Ra8 48. Bd3 Rac8 49. Ba6 Rd8 50. Bd3 Rdc8 {Precision: White = 48%, Black = 44%.} 1/2-1/2

[Event "7th Llucmajor Open 2018"]
[Site "S'Arenal de Llucmajor"]
[Date "2018.05.17"]
[Round "5"]
[White "Zumsande, Martin"]
[Black "Santos Latasa, Jaime"]
[Result "0-1"]
[WhiteElo "2450"]
[BlackElo "2552"]
[Annotator "TA"]
[PlyCount "82"]
[EventDate "2018.??.??"]
[EventType "swiss"]
[EventCountry "ESP"]
[SourceTitle "playchess.com"]
[Source "ChessBase"]
[SourceQuality "1"]

{[%evp 16,82,4,0,0,0,0,0,0,-8,-3,0,0,0,0,0,-6,-22,-14,-64,-56,-58,-68,-61,-44,-37,-40,-44,-29,-35,-34,-31,-19,-17,-18,-18,-23,-266,-268,-433,-432,-558,-558,-588,-584,-787,-774,-1162,-1145,-1695,-1702,-1695,-1558,-1526,-1520,-1466,-1304,-1269,-1269,-1203,-879,-1056,-1055,-1000,-947,-905,-875,-848,-833]} 1. e4 g6 2. d4 Bg7 3. Nc3 d6 4. f4 Nf6 5. Nf3 O-O 6. Be2 c5 7. dxc5 Qa5 8. O-O Qxc5+ 9. Kh1 {LiveBook: 166 Games} a6 {B09: Pirc Defence: Austrian Attack} (9... Nc6 10. Bd3 Bg4 11. Qe1 Bxf3 12. Rxf3 Rac8 13. Be3 Qa5 14. a3 d5 15. e5 d4 16. exf6 Bxf6 17. Ne4 dxe3 18. Nxf6+ exf6 19. Rxe3 Qb6 20. Rb1 {½-½ (44) Zumsande,M (2471)-Seyb,A (2403) Germany 2018}) 10. Bd3 b5 11. Qe1 Bb7 {The position is equal.} 12. Be3 Qc7 13. a3 Nbd7 {[%cal Bb8d7,Bd7c5,Bc5d3][%mdl 32]} 14. Qh4 e6 15. Rae1 Rae8 $146 ({Predecessor:} 15... Rac8 16. f5 exf5 17. exf5 Ne5 18. Nxe5 dxe5 19. Bg5 {1-0 (35) Voigt,M (2265)-Hoffmann,H (2280) Dresden 1998}) 16. Ng5 Nh5 17. Bd2 Nc5 18. f5 exf5 19. exf5 Nxd3 20. cxd3 Rxe1 21. Rxe1 Qd8 22. Qf2 h6 $36 {[%mdl 2048] Black has the initiative.} 23. Nge4 d5 24. Nc5 Bc8 25. Qf3 Nf6 26. fxg6 $2 (26. g4 $11 {and White stays safe.}) 26... fxg6 $19 27. Qe2 $2 (27. d4 Ne4 28. Qe2) 27... Qd6 {Black is clearly winning.} 28. Be3 Ng4 {[%csl Gg4][%cal Rd6h2]} 29. Bg1 {[#]} Bd4 $1 {[%cal Bg7d4,Bd4g1,Bg1c5][%mdl 544]} 30. Nb7 (30. Bxd4 Qxh2#) 30... Qb8 {Hoping for ...Bxg1.} (30... Bxb7 31. Qxg4 Bxg1 32. Kxg1 $11) 31. Qe7 Bxg1 {[%csl Gg1,Gg4][%cal Rb8h2]} 32. Nd6 Bc5 33. Qxf8+ Kxf8 34. Re8+ Kg7 35. Re7+ {[#]} Kf6 $1 36. Nxd5+ Kg5 37. Ne4+ Kh5 {[%csl Gg4][%cal Rb8h2]} 38. Ndf6+ Nxf6 39. Nxf6+ {[#]} Kg5 $1 {[%cal Rg5f6]} ({And not} 39... Kh4 40. Re4+ Kg5 41. Nh7+ Kh5 42. Nf6+ Kg5 43. Nh7+ Kh5 44. Nf6+ Kg5 $11) 40. Ne4+ Kf4 41. Nxc5 Bf5 {Precision: White = 49%, Black = 94%.} 0-1

[Event "7th Llucmajor Open 2018"]
[Site "S'Arenal de Llucmajor"]
[Date "2018.05.17"]
[Round "5"]
[White "Prithu Gupta"]
[Black "Zhigalko, Sergei"]
[Result "1/2-1/2"]
[WhiteElo "2424"]
[BlackElo "2606"]
[Annotator "TA"]
[PlyCount "114"]
[EventDate "2018.??.??"]
[EventType "swiss"]
[EventCountry "ESP"]
[SourceTitle "playchess.com"]
[Source "ChessBase"]
[SourceQuality "1"]

{[%evp 12,114,34,36,49,22,24,28,22,16,28,0,12,10,16,-1,67,48,41,24,40,16,14,-18,-20,-18,0,0,9,1,0,0,0,-24,0,-68,-55,-98,-110,-145,-105,-172,-131,-136,-155,-133,-156,-145,-134,-140,-80,-90,-60,-60,-64,-71,-59,-66,0,0,0,0,12,14,12,-8,-8,-8,-8,-8,-8,-8,-8,-8,-8,-16,-5,-8,0,0,0,0,0,0,0,0,0,0,0,0,0,0,0,0,0,0,0,0,0,0,0,0,0,0,0]} 1. e4 c5 2. Nf3 d6 3. d4 cxd4 4. Nxd4 Nf6 5. Nc3 a6 6. h3 e6 7. g4 Nfd7 {B81: Sicilian Scheveningen: Keres Attack} 8. Be3 (8. Bg2 Be7 9. Nce2 Nc6 10. c3 Nce5 11. O-O Ng6 12. f4 Nh4 13. Bh1 O-O 14. f5 e5 15. Nc2 {0-1 (57) Fedoseev,V (2724)-Grischuk,A (2767) Moscow 2018}) 8... b5 9. Bg2 Bb7 {White has an edge.} 10. O-O Be7 11. a4 b4 12. Na2 Nc5 {[%cal Bd7c5,Bc5e4,Be4d6,Bd6c4][%mdl 32]} 13. c3 $146 ({Predecessor:} 13. Nxb4 Nxe4 14. c4 Qd7 15. Qc2 {1-0 (35) Evtushenko,S (2522)-Kristjansson,A (2464) ICCF email 2013}) 13... Bxe4 (13... Nxe4 $11 14. Nxb4 O-O) 14. cxb4 Bxg2 15. Kxg2 Ne4 16. Qc2 d5 17. Nc6 Qc7 18. b5 O-O 19. Nc3 Nd6 20. Nxe7+ Qxe7 21. Bc5 Rc8 22. Ba3 Qc7 23. Qd3 ({White should play} 23. Bxd6 $11 Qxd6 24. Qe2) 23... Nc4 $15 24. Rfc1 {aiming for b3.} Qb7 25. Qd4 Nd7 26. Bb4 (26. bxa6 $17 {keeps fighting.} Rxa6 27. Nb5) 26... a5 ({Much less strong is} 26... Nxb2 27. bxa6 Qb6 28. Nb5 $15) 27. Ba3 Nxa3 28. bxa3 Rc4 29. Qe3 h6 30. Ne2 Re4 (30... Rxa4 $142 31. Nd4 Qb6) 31. Qg3 $17 {White wants to play Rc7.} e5 ({But not} 31... Rxe2 $6 32. Rc7 $11) 32. Qf3 Rxa4 33. Nc3 {[#]} Rd4 $1 {...Nc5 is the strong threat.} 34. Rd1 e4 ({Black should try} 34... Nc5 $15 35. Rxd4 exd4) 35. Qf5 $11 {The position is equal.} g6 36. Qf4 Rxd1 37. Rxd1 Nb6 38. Qd6 {[%cal Rc3d5] [#]} e3 $1 {[%mdl 512]} 39. Qc6 (39. fxe3 d4+) 39... Qxc6 40. bxc6 {[%mdl 4096] Endgame KRN-KRN} Rc8 41. fxe3 Rxc6 42. Nxd5 Rc2+ 43. Kf3 Nc4 44. a4 Ra2 45. Rd4 Rxa4 46. Ne7+ Kg7 47. Nc6 f6 {Threatening ...Ne5+.} 48. Kg3 Nb6 {Strongly threatening ...Rxd4.} (48... g5 {is more complex.} 49. Nxa5 Rxa5 50. Rxc4 Ra3 51. Kf3 Ra6) 49. Rxa4 Nxa4 50. Nxa5 {KN-KN} Kf7 51. Nc4 Ke6 52. e4 Nc5 53. Kf3 Nd3 54. Ke3 Ne5 55. Nxe5 Kxe5 56. h4 h5 57. gxh5 gxh5 {Precision: White = 65%, Black = 58%.} 1/2-1/2

[Event "7th Llucmajor Open 2018"]
[Site "S'Arenal de Llucmajor"]
[Date "2018.05.17"]
[Round "5"]
[White "Panelo, Marcelo"]
[Black "Paquico Rodriguez, Ivan"]
[Result "1-0"]
[WhiteElo "2370"]
[BlackElo "2231"]
[Annotator "NA"]
[PlyCount "103"]
[EventDate "2018.??.??"]
[EventType "swiss"]
[EventCountry "ESP"]
[SourceTitle "playchess.com"]
[Source "ChessBase"]
[SourceQuality "1"]
[TimeControl "5400+30"]

1. d4 {[%emt 0:04:45]} g6 {[%emt 0:00:17]} 2. c4 {[%emt 0:00:32]} Bg7 {[%emt 0:00:10]} 3. Nf3 {[%emt 0:00:43]} d6 {[%emt 0:00:14]} 4. Nc3 {[%emt 0:00:22]} e5 {[%emt 0:00:28]} 5. e4 {[%emt 0:01:13]} Nc6 {[%emt 0:03:43]} 6. Bg5 {[%emt 0:01:42]} f6 {[%emt 0:05:26]} 7. Be3 {[%emt 0:00:10]} Nh6 {[%emt 0:03:33]} 8. c5 {[%emt 0:06:55]} O-O {[%emt 0:15:29]} 9. cxd6 {[%emt 0:01:20]} cxd6 {[%emt 0:02:15]} 10. dxe5 {[%emt 0:00:14]} dxe5 {[%emt 0:04:14]} 11. Bc4+ {[%emt 0:00:08]} Kh8 {[%emt 0:00:58]} 12. Bc5 {[%emt 0:00:31]} Re8 {[%emt 0:01:44]} 13. h3 {[%emt 0:02:44]} Qa5 {[%emt 0:06:35]} 14. Be3 {[%emt 0:00:11]} Qb4 {[%emt 0:05:55]} 15. Bb3 {[%emt 0:05:23]} Na5 {[%emt 0:02:26]} 16. O-O {[%emt 0:22:19]} Nxb3 {[%emt 0:02:25]} 17. axb3 {[%emt 0:00:06]} Be6 {[%emt 0:02:08]} 18. Ra4 {[%emt 0:00:44]} Qxb3 {[%emt 0:03:53]} 19. Qc1 {[%emt 0:01:02]} b5 {[%emt 0:13:24]} 20. Nd2 {[%emt 0:04:46]} Qxc3 {[%emt 0:00:08]} 21. Qxc3 {[%emt 0:00:16]} bxa4 {[%emt 0:00:03]} 22. Qc6 {[%emt 0:01:22]} a3 {[%emt 0:04:59]} 23. bxa3 {[%emt 0:00:23]} Bf8 {[%emt 0:00:50]} 24. Rb1 {[%emt 0:06:23]} Nf7 {[%emt 0:01:01]} 25. Rb7 {[%emt 0:03:35]} Bxa3 {[%emt 0:06:41]} 26. Rxa7 {[%emt 0:01:01]} Rac8 {[%emt 0:00:07]} 27. Rc7 {[%emt 0:01:21]} Bd6 {[%emt 0:03:12]} 28. Rxc8 {[%emt 0:01:08]} Rxc8 {[%emt 0:00:57]} 29. Qa6 {[%emt 0:00:43]} Kg7 {[%emt 0:05:01]} 30. Nb3 {[%emt 0:02:40]} Re8 {[%emt 0:00:49]} 31. Na5 {[%emt 0:00:59]} Bd7 {[%emt 0:02:04]} 32. Nc4 {[%emt 0:00:44]} Bf8 {[%emt 0:02:58]} 33. Qb7 {[%emt 0:00:30]} Ba4 {[%emt 0:00:36]} 34. Nb6 {[%emt 0:01:14]} Bb3 {[%emt 0:00:36]} 35. Qc6 {[%emt 0:02:08]} Re6 {[%emt 0:01:05]} 36. Qb5 {[%emt 0:05:21]} Ba2 {[%emt 0:01:02]} 37. Qb2 {[%emt 0:01:16]} Rxb6 {[%emt 0:00:26]} 38. Qxb6 {[%emt 0:00:31]} Bc4 {[%emt 0:00:14]} 39. Qc6 {[%emt 0:01:42]} Ba2 {[%emt 0:00:11]} 40. h4 {[%emt 0:03:22]} h5 {[%emt 0:01:19]} 41. g3 {[%emt 0:01:00]} Bd6 {[%emt 0:00:22]} 42. Qd7 {[%emt 0:01:14]} Bb3 {[%emt 0:00:51]} 43. f3 {[%emt 0:00:29]} Bc4 {[%emt 0:00:18]} 44. Kf2 {[%emt 0:00:15]} Bb3 {[%emt 0:00:12]} 45. g4 {[%emt 0:01:51]} hxg4 {[%emt 0:01:03]} 46. fxg4 {[%emt 0:01:34]} Bc2 {[%emt 0:00:25]} 47. Bh6+ {[%emt 0:02:55]} Kg8 {[%emt 0:00:03]} 48. Qe8+ {[%emt 0:00:22]} Kh7 {[%emt 0:00:03]} 49. Qxf7+ {[%emt 0:00:10]} Kxh6 {[%emt 0:00:04]} 50. Qg8 {[%emt 0:01:27]} Bc5+ {[%emt 0:00:32]} 51. Kf3 {[%emt 0:01:37]} g5 {[%emt 0:00:30]} 52. h5 1-0

[Event "7th Llucmajor Open 2018"]
[Site "S'Arenal de Llucmajor"]
[Date "2018.05.17"]
[Round "5"]
[White "Lazarte Anello, David Emiliano"]
[Black "Trias Ramos, Diego Jose"]
[Result "1-0"]
[WhiteElo "2080"]
[BlackElo "1590"]
[Annotator "NA"]
[PlyCount "85"]
[EventDate "2018.??.??"]
[EventType "swiss"]
[EventCountry "ESP"]
[SourceTitle "playchess.com"]
[Source "ChessBase"]
[SourceQuality "1"]
[TimeControl "5400+30"]

1. e4 e5 2. Nf3 Nc6 3. d4 exd4 4. Nxd4 Qf6 5. Be3 Bc5 6. c3 Nge7 7. Nc2 Bb6 8. Nd2 O-O 9. Bc4 d6 10. O-O Be6 11. f4 d5 12. Bxb6 axb6 13. e5 Qg6 14. Be2 f6 15. exf6 Rxf6 16. g3 Raf8 17. Bh5 Qh6 18. Qe2 Bh3 19. Rf2 Re6 20. Qd1 Qf6 21. Nf3 h6 22. Nfd4 Nxd4 23. Nxd4 Rd6 24. Bf3 Bd7 25. Qd3 Nf5 26. Nb5 Bxb5 27. Qxb5 Qd8 28. Re1 c6 29. Qb3 Kh8 30. Rfe2 d4 31. Be4 dxc3 32. Bxf5 Rd2 33. Bg4 c2 34. Qc3 Rxe2 35. Bxe2 Qd5 36. Bf3 Qxa2 37. Qxc2 Qa5 38. Re7 Qa7 39. Qc3 b5+ 40. Kg2 Rg8 41. Bxc6 Qa4 42. Bd5 b4 43. Qb3 1-0